Statistics for AC Milan - Juventus 2019-20

Click here to take the quiz!

General Stats

  • This quiz has been taken 13 times
  • The average score is 23 of 34

Answer Stats

Answer % Correct
Blaise Matuidi
100%
Leonardo Bonucci
100%
Gianluigi Donnarumma
90%
Zlatan Ibrahimović ¹
90%
Alex Sandro
90%
Adrien Rabiot ¹
90%
Juan Cuadrado
90%
Gianluigi Buffon
90%
Miralem Pjanić
90%
Ante Rebić ¹
90%
Rodrigo Bentancur
80%
Alessio Romagnoli
80%
Gonzalo Higuaín
80%
Theo Hernandez
80%
Cristiano Ronaldo ¹
80%
Danilo
80%
Franck Kessié ¹
80%
Maurizio Sarri
80%
Daniele Rugani
80%
Andrea Conti
70%
Douglas Costa
70%
Simon Kjær
70%
Federico Bernardeschi
60%
Rafael Leão ¹
60%
Ismaël Bennacer
50%
Lucas Paquetá
50%
Stefano Pioli
50%
Giacomo Bonaventura
50%
Davide Calabria
40%
Aaron Ramsey
40%
Hakan Çalhanoğlu
30%
Alexis Saelemaekers
20%
Rade Krunić
10%
Simone Muratore
10%

Score Distribution

Percentile by Number Answered

Percent of People with Each Score

Your Score History

You have not taken this quiz